| 000 | 00800nam a2200205 a 4500 | ||
|---|---|---|---|
| 003 | 0 | ||
| 005 | 20250314112950.0 | ||
| 008 | 090806s19uu xx 00 eng d | ||
| 050 |
_aPHS SB 319.T6 _b.F349 2008 |
||
| 100 | _aFerenal, Arienne Mae A. | ||
| 245 |
_aA Comparative study on the growth rate of tomatoes (Lycopersicon esculentum) using hydroponics & the traditional method / _cby Arienne mae A. Ferenal. |
||
| 260 |
_aLas PiƱas City, Philippines : _bSouthville International School and Colleges, _c2008. |
||
| 300 |
_a27 pages : _billustrations ; _c28 cm. |
||
| 504 | _aIncludes bibliographical references. | ||
| 650 |
_aTomatoes _xCultivation _vComparative studies. |
||
| 650 |
_aTomatoes _xGrowth. |
||
| 650 |
_aTomatoes _xHydroponics. |
||
| 650 |
_aTomatoes _xResearch. |
||
| 942 |
_2lcc _cPASS |
||
| 999 |
_c98116 _d98116 |
||